Juana "the Mad's" signature: the problem of invoking royal authority, 1505-1507

Saved in:  
Bibliographic Details
Main Author: Aram, Bethany (Author)
Format: Print Article
Language:English
Check availability: HBZ Gateway
Interlibrary Loan:Interlibrary Loan for the Fachinformationsdienste (Specialized Information Services in Germany)
Published: 1998
In: The sixteenth century journal
Year: 1998, Volume: 29, Issue: 2, Pages: 331-358
Standardized Subjects / Keyword chains:B Joan Castile, Queen 1479-1555 / Castile / History 1506-1507
IxTheo Classification:KAG Church history 1500-1648; Reformation; humanism; Renaissance
KBH Iberian Peninsula
Parallel Edition:Electronic

MARC

LEADER 00000caa a22000002c 4500
001 1642002240
003 DE-627
005 20220616113213.0
007 tu
008 160405s1998 xx ||||| 00| ||eng c
035 |a (DE-627)1642002240 
035 |a (DE-576)465364829 
035 |a (DE-599)BSZ465364829 
040 |a DE-627  |b ger  |c DE-627  |e rakwb 
041 |a eng 
084 |a 1  |2 ssgn 
100 1 |0 (DE-588)132654881  |0 (DE-627)524593019  |0 (DE-576)189006137  |4 aut  |a Aram, Bethany 
109 |a Aram, Bethany 
245 1 0 |a Juana "the Mad's" signature  |b the problem of invoking royal authority, 1505-1507 
264 1 |c 1998 
336 |a Text  |b txt  |2 rdacontent 
337 |a ohne Hilfsmittel zu benutzen  |b n  |2 rdamedia 
338 |a Band  |b nc  |2 rdacarrier 
601 |a Problem 
652 |a KAG:KBH 
689 0 0 |d p  |0 (DE-588)118557793  |0 (DE-627)07935498X  |0 (DE-576)208978607  |2 gnd  |a Johanna  |c Kastilien, Königin  |d 1479-1555 
689 0 1 |d g  |0 (DE-588)4073292-7  |0 (DE-627)106092685  |0 (DE-576)209190116  |2 gnd  |a Kastilien 
689 0 2 |q z  |2 gnd  |a Geschichte 1506-1507 
689 0 |5 (DE-627) 
773 0 8 |i In  |t The sixteenth century journal  |d St. Louis, Mo. : Forum Press, 1972  |g 29(1998), 2, Seite 331-358  |w (DE-627)129406651  |w (DE-600)187567-X  |w (DE-576)014787814  |x 0361-0160  |7 nnas 
773 1 8 |g volume:29  |g year:1998  |g number:2  |g pages:331-358 
776 |i Erscheint auch als  |n elektronische Ausgabe  |w (DE-627)1802358803  |k Electronic 
935 |a mteo 
951 |a AR 
ELC |b 1 
ITA |a 1  |t 1 
LOK |0 000 xxxxxcx a22 zn 4500 
LOK |0 001 3305551585 
LOK |0 003 DE-627 
LOK |0 004 1642002240 
LOK |0 005 20160405125853 
LOK |0 008 160404||||||||||||||||ger||||||| 
LOK |0 040   |a DE-Tue135  |c DE-627  |d DE-Tue135 
LOK |0 092   |o n 
LOK |0 852   |a DE-Tue135 
LOK |0 852 1  |9 00 
LOK |0 935   |a ixzs  |a ixmi 
LOK |0 936ln  |0 1442044993  |a KBH 
LOK |0 936ln  |0 1442044608  |a KAG 
LOK |0 939   |a 04-04-16  |b l01 
ORI |a SA-MARC-ixtheoa001.raw 
STA 0 0 |a Castile 
SYG 0 0 |a Juana,Kastilien, Königin,1479-1555,Johanna,die Wahnsinnige,1479-1555,Ioanna,Castilla, Reina,1479-1555,Juana,Aragón, Reina,1479-1555,Juana,España, Reina,1479-1555,Johanna,Castilia, Regina,1479-1555,Juana,I.,Castilla, Reina,1479-1555,Juana,Castilla, Reina,1479-1555 , Castilla,Königreich Kastilien,Grafschaft Kastilien 
TIM |a 100015060101_100015071231  |b Geschichte 1506-1507